<?xml version="1.0" encoding="UTF-8"?><?xml-stylesheet type="text/xsl" href="static/style.xsl"?><OAI-PMH xmlns="http://www.openarchives.org/OAI/2.0/" xmlns:xsi="http://www.w3.org/2001/XMLSchema-instance" xsi:schemaLocation="http://www.openarchives.org/OAI/2.0/ http://www.openarchives.org/OAI/2.0/OAI-PMH.xsd"><responseDate>2026-04-17T05:49:49Z</responseDate><request verb="GetRecord" identifier="oai:www.recercat.cat:2072/409828" metadataPrefix="marc">https://recercat.cat/oai/request</request><GetRecord><record><header><identifier>oai:recercat.cat:2072/409828</identifier><datestamp>2024-10-30T23:55:35Z</datestamp><setSpec>com_2072_98</setSpec><setSpec>col_2072_378192</setSpec></header><metadata><record xmlns="http://www.loc.gov/MARC21/slim" xmlns:dcterms="http://purl.org/dc/terms/" xmlns:xsi="http://www.w3.org/2001/XMLSchema-instance" xmlns:doc="http://www.lyncode.com/xoai" xsi:schemaLocation="http://www.loc.gov/MARC21/slim http://www.loc.gov/standards/marcxml/schema/MARC21slim.xsd">
   <leader>00925njm 22002777a 4500</leader>
   <datafield ind2=" " ind1=" " tag="042">
      <subfield code="a">dc</subfield>
   </datafield>
   <datafield ind2=" " ind1=" " tag="720">
      <subfield code="a">Durska, E.</subfield>
      <subfield code="e">author</subfield>
   </datafield>
   <datafield ind2=" " ind1=" " tag="260">
      <subfield code="c">2016</subfield>
   </datafield>
   <datafield ind2=" " ind1=" " tag="520">
      <subfield code="a">Exceptionally well-preserved Miocene pollen from the Bochnia salt mine of southern Poland is reported herein. The halite deposits within the salt mine belonging to Late Badenian (Miocene) marine evaporites originated in the Paratethys. Rounded and angular structures are present inside pollen grains. On the basis of the similarity with plasmolyzed pollen grains of modern plants, these structures are considered to represent cytoplasms plasmolyzed in the condensed brine prior to fossilization. Two forms of plasmolyzed cytoplasms (concave and convex) can be observed in modern pollen. Both are distinguished in the investigated fossil material. In porate and colporate grains the shape of the plasmolyzed cellular content is concave while in inaperturate it is convex. The plasmolysis form depends on the type of apertures and pollen shape. The percentage of pollen with fossilized cytoplasms within individual taxa is a valuable environmental indicator, as it depends on the proximity of the pollen-producing plant assemblages to the depositional setting.</subfield>
   </datafield>
   <datafield tag="653" ind2=" " ind1=" ">
      <subfield code="a">Pollen</subfield>
   </datafield>
   <datafield tag="653" ind2=" " ind1=" ">
      <subfield code="a">Salt</subfield>
   </datafield>
   <datafield tag="653" ind2=" " ind1=" ">
      <subfield code="a">Plasmolysis</subfield>
   </datafield>
   <datafield tag="653" ind2=" " ind1=" ">
      <subfield code="a">Excellent preservation</subfield>
   </datafield>
   <datafield tag="653" ind2=" " ind1=" ">
      <subfield code="a">Miocene</subfield>
   </datafield>
   <datafield ind2="0" ind1="0" tag="245">
      <subfield code="a">Exceptional preservation of Miocene pollen : plasmolysis captured in salt?</subfield>
   </datafield>
</record></metadata></record></GetRecord></OAI-PMH>